00552nam a2200169 a 4500008004100000020001500041050001500056100002000071245013300091250001400224260003900238300002000277350000900297650003600306650002700342650001300369120416s1996 ||||||||||||||||| || u a075062888X aTH 435 Use aKernohan, David10aUser participation in building design and management: a generic approach to building evaluationcby David Kernohan; [and others] apaperback aOxford:bArchitectural Pressc1996 axx, 157p.: ill. a0.00 aARCHITECTURAL DESGN--EVALUATION aBUILDINGS--PERFORMANCE aBUILDING